| 000 | 00421nam a22001457a 4500 | ||
|---|---|---|---|
| 999 |
_c8083 _d8083 |
||
| 003 | GBCCL | ||
| 005 | 20241126110643.0 | ||
| 008 | 190218b ||||| |||| 00| 0 eng d | ||
| 040 | _cgbc | ||
| 082 |
_aSOU EBC _b2018 |
||
| 245 |
_aEBCC Lungthul D Dorcas golden jubilee ( 1968-2018 ) souvenir : _btutan Toupa'n honpi |
||
| 260 |
_aLungthul D : _bDorcas golden jubilee celebration, _c2018 |
||
| 300 | _a160 | ||
| 942 |
_2ddc _cARCH |
||